[Event "4th Chennai Open"]
[Site "Chennai IND"]
[Date "2012.01.06"]
[Round "4"]
[White "Ankit, R. Rajpara"]
[Black "Danielsen, Henrik"]
[Result "1/2-1/2"]
[BlackTitle "GM"]
[WhiteElo "2349"]
[BlackElo "2536"]
[WhiteFideId "5023335"]
[BlackFideId "1400185"]
[EventDate "2012.01.04"]

1. e4 e6 2. d4 d5 3. Nd2 c5 4. exd5 Qxd5 5. Ngf3 cxd4 6. Bc4 Qd6 7. O-O Nc6 8.
Nb3 Nf6 9. Nbxd4 Nxd4 10. Nxd4 Be7 11. c3 O-O 12. Qe2 Bd7 13. Rd1 Qc7 14. Bg5
Rfe8 15. Bb5 Red8 16. Bxd7 Rxd7 17. Nb5 Qc6 18. Rxd7 Qxd7 19. Rd1 Qc6 20. c4 a6
21. Nd4 Qc7 22. Nf3 Rd8 23. Rxd8+ Qxd8 24. h3 h6 25. Bd2 Nd7 1/2-1/2

[Event "4th Chennai Open"]
[Site "Chennai IND"]
[Date "2012.01.06"]
[Round "4"]
[White "Rajesh, V A V"]
[Black "Rahman, Ziaur"]
[Result "0-1"]
[WhiteTitle "FM"]
[BlackTitle "GM"]
[WhiteElo "2338"]
[BlackElo "2523"]
[WhiteFideId "5029317"]
[BlackFideId "10200037"]
[EventDate "2012.01.04"]

1. d4 d6 2. Nf3 Bg4 3. e4 Nd7 4. Be3 e5 5. c3 Ngf6 6. Nbd2 Be7 7. Be2 c6 8. h3
Bh5 9. Nh4 Bg6 10. Nxg6 hxg6 11. O-O Nh5 12. Bxh5 Rxh5 13. f4 exf4 14. Bxf4 Nf8
15. Qf3 Qd7 16. Nc4 O-O-O 17. d5 cxd5 18. exd5 Nh7 19. Be3 Ng5 20. Qe2 b5 21.
Bxg5 Bxg5 22. Nd2 Bh6 23. Qd3 Qb7 24. c4 bxc4 25. Qxc4+ Kb8 26. Ne4 Be3+ 27. Kh1
Rxd5 28. Nc3 Rd2 29. Rf3 f5 30. Qe6 f4 31. Qxg6 Rh8 32. Ne4 Rxb2 33. Qxd6+ Ka8
34. Qd3 g5 35. Rd1 Rxa2 36. Nxg5 a5 37. Qc4 Ra3 38. Rff1 Rc8 39. Qe6 Rc2 40. Nf3
Rac3 41. Rb1 Rc6 42. Qd5 R2c5 43. Qd8+ Qc8 44. Qd3 Rh6 45. Rfd1 Ka7 46. Qb3 Rc2
47. Qf7+ Ka6 48. Nh2 Rxg2 49. Qd7 Rg1+ 0-1

[Event "4th Chennai Open"]
[Site "Chennai IND"]
[Date "2012.01.06"]
[Round "4"]
[White "Deepan, Chakkravarthy J."]
[Black "Mu, Ke"]
[Result "1/2-1/2"]
[WhiteTitle "GM"]
[WhiteElo "2495"]
[BlackElo "2294"]
[WhiteFideId "5011132"]
[BlackFideId "8602778"]
[EventDate "2012.01.04"]

1. Nf3 Nf6 2. c4 c6 3. d4 d5 4. e3 Bf5 5. Nc3 e6 6. Nh4 Be4 7. f3 Bg6 8. Nxg6
hxg6 9. Qb3 Qc7 10. Bd2 Nbd7 11. O-O-O Be7 12. Kb1 dxc4 13. Bxc4 b5 14. Bd3 a6
15. Ne4 c5 16. dxc5 Nxc5 17. Nxc5 Qxc5 18. Rc1 Qb6 19. e4 Nd7 20. Rc2 Rxh2 21.
Rxh2 Qg1+ 22. Bf1 Qxh2 23. a4 Qg1 24. Rc1 Qd4 25. Be3 Qxa4 26. Qxa4 bxa4 27. Ka2
Bb4 28. Rc6 Ke7 29. Rxa6 Rxa6 30. Bxa6 Kd6 31. Bb5 Nc5 1/2-1/2

[Event "4th Chennai Open"]
[Site "Chennai IND"]
[Date "2012.01.06"]
[Round "4"]
[White "Konguvel, Ponnuswamy"]
[Black "Ma, Qun"]
[Result "1/2-1/2"]
[WhiteTitle "IM"]
[WhiteElo "2344"]
[BlackElo "2475"]
[WhiteFideId "5000548"]
[BlackFideId "8603154"]
[EventDate "2012.01.04"]

1. e4 c5 2. Nf3 d6 3. d4 cxd4 4. Nxd4 Nf6 5. Nc3 a6 6. Bc4 e6 7. Bb3 Nbd7 8. Bg5
Qa5 9. Qd2 b5 10. O-O-O Bb7 11. Rhe1 Be7 12. f4 O-O-O 13. Bxe6 fxe6 14. Nxe6 Nc5
15. Nxd8 Rxd8 16. Kb1 Qb6 17. Qe3 h6 18. Bh4 Ncd7 19. Qe2 b4 20. Bf2 Nc5 21. Nd5
Nxd5 22. exd5 Bf6 23. g4 a5 24. h4 a4 25. g5 Bc3 26. Qe6+ Nxe6 27. Bxb6 Bxe1 28.
dxe6 Bxh4 29. e7 Re8 30. Rxd6 Bc6 31. Rxc6+ Kd7 32. Rc7+ Kd6 33. gxh6 Bxe7 34.
Rc4 gxh6 35. Rxb4 Kc6 36. Re4 Kxb6 37. c4 Kc7 38. c5 Kd7 39. c6+ Kxc6 40. Re6+
Kd5 41. Rxh6 Bd6 42. Rh5+ Kd4 43. a3 Kc4 44. Ra5 Kb3 45. Rb5+ Kc4 46. Ra5 Kb3
47. Rb5+ Kc4 48. Ra5 1/2-1/2

[Event "4th Chennai Open"]
[Site "Chennai IND"]
[Date "2012.01.06"]
[Round "4"]
[White "Barua, Dibyendu"]
[Black "Gagare, Shardul"]
[Result "1/2-1/2"]
[WhiteTitle "GM"]
[BlackTitle "FM"]
[WhiteElo "2460"]
[BlackElo "2268"]
[WhiteFideId "5000025"]
[BlackFideId "5037883"]
[EventDate "2012.01.04"]

1. e4 c6 2. d4 d5 3. exd5 cxd5 4. c4 Nf6 5. Nc3 Nc6 6. Bg5 Qa5 7. Bxf6 exf6 8.
cxd5 Bb4 9. Qe2+ Ne7 10. Qb5+ Qxb5 11. Bxb5+ Bd7 12. Bd3 Nxd5 13. Ne2 O-O 14.
O-O Bc6 15. a3 Ba5 16. Rac1 Rfd8 17. Rfd1 Bb6 18. Ne4 Nc7 19. N4c3 Nd5 20. h3
Kf8 21. Ne4 Nc7 22. Nc5 g6 23. Bc4 Nd5 24. b4 a6 25. Bxd5 Bxd5 26. Nc3 Rab8 27.
a4 a5 28. b5 Rd6 29. Nxd5 Rxd5 30. Nb3 Rbd8 31. Rc4 h5 32. Kf1 f5 33. Ke2 Kg7
34. Kd3 Kf6 35. Rdc1 R8d7 36. Re1 Rd8 37. f4 g5 38. fxg5+ Kxg5 39. Re7 R8d7 40.
Rxd7 Rxd7 41. Rc8 Kf4 42. Rg8 h4 43. Rg7 Bxd4 44. Nxd4 Ke5 45. Ke3 f4+ 46. Kf3
Kxd4 47. Rg4 Ke5 48. Rxh4 Rd3+ 49. Kf2 Rd2+ 50. Kf3 Rd3+ 51. Kf2 Rd2+ 52. Kf3
Rd3+ 1/2-1/2

[Event "4th Chennai Open"]
[Site "Chennai IND"]
[Date "2012.01.06"]
[Round "4"]
[White "Vaibhav, Suri"]
[Black "Ravi, Teja S."]
[Result "1-0"]
[WhiteTitle "IM"]
[WhiteElo "2448"]
[BlackElo "2283"]
[WhiteFideId "5045185"]
[BlackFideId "5017220"]
[EventDate "2012.01.04"]

1. e4 e6 2. d4 d5 3. Nd2 dxe4 4. Nxe4 Bd7 5. Bd3 Bc6 6. Nf3 Nd7 7. O-O Ngf6 8.
Ng3 Be7 9. Re1 O-O 10. c3 Re8 11. Qe2 Bxf3 12. Qxf3 c6 13. Bf4 Qb6 14. Rab1 Bf8
15. Ne4 Nxe4 16. Bxe4 Qa5 17. b4 Qxa2 18. b5 f5 19. Bd3 Qd5 20. bxc6 bxc6 21.
Ba6 Qxf3 22. gxf3 e5 23. dxe5 Nc5 24. Bc4+ Kh8 25. Bc1 Rab8 26. Rxb8 Rxb8 27.
Be3 a5 28. e6 Be7 29. Bxc5 Bxc5 30. e7 Re8 31. Rd1 Bxe7 32. Re1 1-0

[Event "4th Chennai Open"]
[Site "Chennai IND"]
[Date "2012.01.06"]
[Round "4"]
[White "Vakhidov, Jahongir"]
[Black "Aravindh, Chithambaram VR."]
[Result "1-0"]
[WhiteTitle "IM"]
[BlackTitle "FM"]
[WhiteElo "2419"]
[BlackElo "2246"]
[WhiteFideId "14201801"]
[BlackFideId "5072786"]
[EventDate "2012.01.04"]

1. c4 e5 2. g3 c6 3. Bg2 Nf6 4. d3 Be7 5. Nf3 O-O 6. O-O d6 7. Nc3 h6 8. b3 Be6
9. Bb2 Nbd7 10. Rc1 a6 11. Nb1 Nh7 12. e3 f5 13. Re1 Bf6 14. Ba3 Be7 15. Bb2 Bf6
16. Ba3 Be7 17. d4 e4 18. d5 exf3 19. dxe6 fxg2 20. exd7 Qxd7 21. Kxg2 Rad8 22.
Nc3 Ng5 23. Qd3 Qe6 24. Rcd1 Nf7 25. f4 Bf6 26. e4 Bxc3 27. exf5 Qd7 28. Qxc3
Qxf5 29. Bb2 Qh7 30. Re7 Rfe8 31. Rde1 Rxe7 32. Rxe7 d5 33. cxd5 cxd5 34. f5 d4
35. Qxd4 h5 36. Qd5 g6 37. Qe6 Rd2+ 38. Kh3 Rxb2 39. fxg6 1-0

[Event "4th Chennai Open"]
[Site "Chennai IND"]
[Date "2012.01.06"]
[Round "4"]
[White "Kunal, M."]
[Black "Stany, G.A."]
[Result "1-0"]
[WhiteElo "2288"]
[BlackElo "2406"]
[WhiteFideId "5018250"]
[BlackFideId "5029104"]
[EventDate "2012.01.04"]

1. e4 e5 2. Nf3 Nc6 3. Bb5 a6 4. Ba4 Nf6 5. O-O Be7 6. Re1 b5 7. Bb3 d6 8. c3
O-O 9. d4 Bg4 10. Be3 exd4 11. cxd4 Na5 12. Bc2 c5 13. h3 Bh5 14. g4 Bg6 15.
Nbd2 cxd4 16. Nxd4 d5 17. e5 Ne4 18. Nxe4 Bxe4 19. Bxe4 dxe4 20. Qc2 Bb4 21.
Red1 Qd5 22. Nf5 Qc4 23. Qb1 Rfd8 24. b3 Qc6 25. Bd2 Qc5 26. Qxe4 Bxd2 27. Rxd2
Re8 28. e6 fxe6 29. Nxg7 Qc3 30. Nxe8 Qxa1+ 31. Kg2 Rxe8 32. Rd7 Qf6 33. Qxh7+
Kf8 34. Qh5 e5 35. Rc7 e4 36. Rc5 Qf3+ 37. Kg1 Qd1+ 38. Kh2 Qd6+ 39. Kg2 Re6 40.
Rc8+ Ke7 41. Qh7+ Kf6 42. Qh8+ Kf7 43. Qg8+ Kf6 44. Rf8+ Ke5 45. Qg5+ Kd4 46.
Rd8 1-0

[Event "4th Chennai Open"]
[Site "Chennai IND"]
[Date "2012.01.06"]
[Round "4"]
[White "Singh, S. Vikramjit"]
[Black "Karthikeyan, P."]
[Result "1/2-1/2"]
[BlackTitle "IM"]
[WhiteElo "2274"]
[BlackElo "2402"]
[WhiteFideId "5006090"]
[BlackFideId "5018226"]
[EventDate "2012.01.04"]

1. d4 Nf6 2. c4 e6 3. Nf3 b6 4. g3 Ba6 5. Qc2 c5 6. d5 exd5 7. cxd5 g6 8. Nc3
Bg7 9. Bg2 O-O 10. a4 d6 11. O-O Nbd7 12. h3 Re8 13. Re1 Qc7 14. b3 Ne4 15. Bb2
Nxc3 16. Bxc3 Bxc3 17. Qxc3 Qd8 18. e4 f6 19. Nd2 Re7 20. f4 Qf8 21. Re3 Rae8
22. Rae1 Qg7 23. Nc4 Bxc4 24. Qxc4 Kh8 25. Qd3 a5 1/2-1/2

[Event "4th Chennai Open"]
[Site "Chennai IND"]
[Date "2012.01.06"]
[Round "5"]
[White "Neelotpal, Das"]
[Black "Akshayraj, Kore"]
[Result "1/2-1/2"]
[WhiteTitle "GM"]
[BlackTitle "IM"]
[WhiteElo "2471"]
[BlackElo "2386"]
[WhiteFideId "5003512"]
[BlackFideId "5012414"]
[EventDate "2012.01.04"]

1. d4 Nf6 2. c4 g6 3. Nc3 Bg7 4. e4 O-O 5. Nge2 d6 6. f3 c5 7. d5 e6 8. Ng3 exd5
9. cxd5 Na6 10. Be2 Nc7 11. O-O Bd7 12. a4 a6 13. f4 b5 14. e5 Nfe8 15. Be3 bxa4
16. exd6 Nb5 17. Nxa4 Nd4 18. Nxc5 Nxe2+ 19. Nxe2 Bb5 20. d7 Nd6 21. Re1 Nf5 22.
Bf2 Bxb2 23. Rb1 Bg7 24. Nd4 Bxd7 25. Nc6 Bxc6 26. dxc6 Qxd1 27. Rexd1 Rfc8 28.
Rb6 Ne7 29. Rxa6 Rxa6 30. Nxa6 Nxc6 1/2-1/2

[Event "4th Chennai Open"]
[Site "Chennai IND"]
[Date "2012.01.06"]
[Round "5"]
[White "Aleksandrov, Aleksej"]
[Black "Rathnakaran, K."]
[Result "1-0"]
[WhiteTitle "GM"]
[BlackTitle "IM"]
[WhiteElo "2612"]
[BlackElo "2403"]
[WhiteFideId "13500139"]
[BlackFideId "5005507"]
[EventDate "2012.01.04"]

1. d4 Nf6 2. c4 c5 3. d5 e6 4. Nc3 exd5 5. cxd5 d6 6. Nf3 g6 7. Bf4 a6 8. a4 Bg7
9. e3 O-O 10. h3 Nh5 11. Bh2 f5 12. Be2 f4 13. O-O Qe7 14. exf4 Nxf4 15. Re1 Nd7
16. Bxa6 Ne5 17. Bf1 Qf7 18. Ng5 Nxh3+ 19. gxh3 Qxf2+ 20. Kh1 Qh4 21. Nce4 Bg4
22. hxg4 Nxg4 23. Bh3 Nxh2 24. Kxh2 Be5+ 25. Kg2 h5 26. Rh1 Rf2+ 27. Nxf2 Qxg5+
28. Kf1 Rf8 29. Ra3 Qf4 30. Qc2 Rf6 31. Bg2 1-0

[Event "4th Chennai Open"]
[Site "Chennai IND"]
[Date "2012.01.06"]
[Round "5"]
[White "Navin, Kanna"]
[Black "Sethuraman, S.P."]
[Result "1/2-1/2"]
[BlackTitle "GM"]
[WhiteElo "2377"]
[BlackElo "2529"]
[WhiteFideId "5015294"]
[BlackFideId "5021596"]
[EventDate "2012.01.04"]

1. Nf3 Nf6 2. g3 g6 3. Bg2 Bg7 4. d4 O-O 5. c4 d5 6. cxd5 Nxd5 7. O-O Nb6 8. Nc3
Nc6 9. e3 Re8 10. b3 e5 11. dxe5 Nxe5 12. Nxe5 Qxd1 13. Rxd1 Bxe5 14. Bb2 c6 15.
Rd2 a5 16. Rad1 Be6 17. h3 Bxc3 18. Bxc3 a4 19. Bd4 Nd5 20. Rb1 Bf5 21. Rc1 Be6
22. Rb1 Bf5 23. Rc1 axb3 24. Bxd5 cxd5 25. g4 Be4 26. axb3 Rec8 27. Rxc8+ Rxc8
28. Kh2 Rc2 29. Rxc2 1/2-1/2

[Event "4th Chennai Open"]
[Site "Chennai IND"]
[Date "2012.01.06"]
[Round "5"]
[White "Rahman, Ziaur"]
[Black "Ravichandran, Siddharth"]
[Result "1-0"]
[WhiteTitle "GM"]
[BlackTitle "IM"]
[WhiteElo "2523"]
[BlackElo "2398"]
[WhiteFideId "10200037"]
[BlackFideId "5010535"]
[EventDate "2012.01.04"]

1. c4 c5 2. g3 Nf6 3. Bg2 e6 4. Nf3 Qc7 5. O-O a6 6. Nc3 b6 7. d4 cxd4 8. Bf4 d6
9. Nxd4 Bb7 10. Bxd6 Bxd6 11. Ndb5 axb5 12. Nxb5 Bxg2 13. Nxc7+ Bxc7 14. Kxg2
O-O 15. Qc2 Nc6 16. Rfd1 Rfc8 17. e3 h6 18. Qe2 e5 19. c5 bxc5 20. Qb5 Nb4 21.
Qxc5 Ba5 22. Qxe5 Rc2 23. h3 Bc7 24. Qf5 Rxb2 25. Rac1 Na6 26. Rc6 Rxa2 27. Rxf6
gxf6 28. Qg4+ Kf8 29. Qc4 Nb8 30. Qxc7 Kg7 31. Rd8 Na6 32. Rxa8 Rxf2+ 33. Kxf2
Nxc7 34. Ra7 Ne6 35. g4 Ng5 36. h4 Ne6 37. Kf3 Nf8 38. Ra1 Ng6 39. Kg3 Ne5 40.
Rh1 Kg6 41. Rf1 Kg7 42. Rf5 Ng6 43. Rh5 Nf8 44. Kf4 Ng6+ 45. Ke4 Ne7 46. Kd4 Ng6
47. Kd5 Nf8 48. Kc6 Ng6 49. Kd6 Nf8 50. Rf5 Ng6 51. h5 Nf8 52. Ke7 Nh7 53. Rf4
Kg8 54. Rxf6 Nxf6 55. Kxf6 Kf8 56. e4 Kg8 57. e5 Kf8 58. g5 1-0

[Event "4th Chennai Open"]
[Site "Chennai IND"]
[Date "2012.01.06"]
[Round "5"]
[White "Yu, Ruiyuan"]
[Black "Kunal, M."]
[Result "1-0"]
[WhiteElo "2491"]
[BlackElo "2288"]
[WhiteFideId "8603090"]
[BlackFideId "5018250"]
[EventDate "2012.01.04"]

1. e4 c6 2. d4 d5 3. Nc3 dxe4 4. Nxe4 Bf5 5. Ng3 Bg6 6. h4 h6 7. Nf3 Nd7 8. h5
Bh7 9. Bd3 Bxd3 10. Qxd3 Ngf6 11. Bd2 Qc7 12. O-O-O O-O-O 13. Ne4 e6 14. g3 Nc5
15. Nxc5 Bxc5 16. c4 Bd6 17. Qe2 Qe7 18. Kb1 Ng4 19. Bc3 Rhe8 20. Nd2 f5 21. Ne4
Bb4 22. Bxb4 Qxb4 23. Nc5 Nf6 24. Qc2 Nd7 25. Nd3 Qd6 26. Rhe1 Nf6 27. Nf4 Ne4
28. f3 Ng5 29. Rd3 c5 30. Qa4 a6 31. d5 e5 32. Rde3 e4 33. fxe4 fxe4 34. a3 Nf3
35. Rc1 Nd4 36. Qa5 Nf5 37. Rb3 e3 38. Ne6 Rxe6 39. dxe6 e2 40. Re1 Qd1+ 41. Ka2
Nd4 42. Qxc5+ Kb8 1-0

[Event "4th Chennai Open"]
[Site "Chennai IND"]
[Date "2012.01.06"]
[Round "5"]
[White "Girinath, P.D.S."]
[Black "Hoang, Thanh Trang"]
[Result "1/2-1/2"]
[WhiteTitle "IM"]
[BlackTitle "GM"]
[WhiteElo "2360"]
[BlackElo "2435"]
[WhiteFideId "5000572"]
[BlackFideId "12400149"]
[EventDate "2012.01.04"]

1. e4 e6 2. d3 d5 3. Qe2 Nf6 4. Nf3 Be7 5. g3 b5 6. Bg2 dxe4 7. dxe4 b4 8. Nbd2
Ba6 9. Nc4 O-O 10. b3 Nc6 11. Bb2 Na5 12. Rd1 Qe8 13. Nfe5 Qb5 14. O-O Rad8 15.
Rxd8 Rxd8 16. Rd1 Rxd1+ 17. Qxd1 Nxc4 18. Nxc4 Qd7 19. Qxd7 Nxd7 20. Na5 Be2 21.
Nc6 Bc5 22. c3 bxc3 23. Bxc3 Bb5 24. e5 Bxc6 25. Bxc6 Nb8 26. Bb5 c6 27. Bd3 Ba3
28. f4 Nd7 29. Be4 c5 30. Ba5 Nb6 1/2-1/2

[Event "4th Chennai Open"]
[Site "Chennai IND"]
[Date "2012.01.06"]
[Round "5"]
[White "Danielsen, Henrik"]
[Black "Lokesh, P."]
[Result "1/2-1/2"]
[WhiteTitle "GM"]
[WhiteElo "2536"]
[BlackElo "2215"]
[WhiteFideId "1400185"]
[BlackFideId "5023157"]
[EventDate "2012.01.04"]

1. c4 Nf6 2. Nc3 e5 3. g3 Nc6 4. Bg2 d6 5. e4 Nd4 6. d3 Be7 7. Nge2 Bg4 8. Be3
c5 9. Bxd4 cxd4 10. Nb1 Qd7 11. Nd2 O-O 12. f3 Bh3 13. O-O Bxg2 14. Kxg2 b5 15.
h3 bxc4 16. Nxc4 Qe6 17. Re1 d5 18. exd5 Qxd5 19. Nc1 Nd7 20. Nb3 f6 21. Qe2 Nb6
22. Rec1 Rfc8 23. Nbd2 Bb4 24. Nxb6 axb6 25. Nc4 Qe6 26. a4 Ra6 27. Qd1 Rca8 28.
Qb3 Bf8 29. g4 Qd5 30. Qd1 Be7 31. Rcb1 Bb4 32. Rc1 Be7 33. Rab1 Bd8 34. Ra1 Be7 1/2-1/2

[Event "4th Chennai Open"]
[Site "Chennai IND"]
[Date "2012.01.06"]
[Round "5"]
[White "Sagar, Shah"]
[Black "Kravtsiv, Martyn"]
[Result "0-1"]
[BlackTitle "GM"]
[WhiteElo "2298"]
[BlackElo "2602"]
[WhiteFideId "5022509"]
[BlackFideId "14113147"]
[EventDate "2012.01.04"]

1. c4 e6 2. g3 d5 3. Bg2 Nf6 4. Nf3 Be7 5. O-O O-O 6. b3 c5 7. Bb2 Nc6 8. e3 b6
9. Nc3 dxc4 10. bxc4 Bb7 11. Qe2 Qc7 12. Rac1 Rfd8 13. Rfd1 a6 14. d4 Na5 15.
Ne5 Bxg2 16. Kxg2 Rac8 17. Nb1 Qb7+ 18. Qf3 Qxf3+ 19. Kxf3 cxd4 20. Bxd4 Nc6 21.
Nxc6 Rxc6 22. Bxf6 Rxd1 23. Rxd1 gxf6 24. Nd2 Bb4 25. Ne4 Kg7 26. Rd7 Rxc4 27.
Nd6 Bxd6 28. Rxd6 Rb4 29. g4 Kg6 30. a3 Rb3 31. a4 a5 32. Rd7 Rb4 33. Rb7 h6 34.
h4 f5 35. gxf5+ exf5 36. Kg3 f4+ 37. exf4 f6 38. f3 h5 39. Rb8 Kf5 40. Rh8 Kg6
41. Rb8 Kf5 42. Rh8 Rxa4 43. Rxh5+ Kg6 44. Rd5 Rb4 45. Kg4 a4 46. h5+ Kh6 47.
Rd6 a3 48. Rxf6+ Kg7 49. Rc6 Ra4 50. Rc7+ Kg8 51. Rc8+ Kf7 52. Rc7+ Kf6 53. Rc6+
Ke7 54. Rc7+ Kd6 55. Rc1 a2 56. Ra1 Ke6 57. Kg5 Kf7 58. h6 b5 59. f5 b4 60. h7
Kg7 61. h8=Q+ Kxh8 62. Kg6 Kg8 63. f6 b3 64. Re1 Ra8 65. Re7 a1=Q 66. Rg7+ Kf8
67. Rf7+ Ke8 68. Re7+ Kd8 0-1

[Event "4th Chennai Open"]
[Site "Chennai IND"]
[Date "2012.01.06"]
[Round "5"]
[White "Hemant, Sharma2"]
[Black "Deepan, Chakkravarthy J."]
[Result "1/2-1/2"]
[BlackTitle "GM"]
[WhiteElo "2262"]
[BlackElo "2495"]
[WhiteFideId "5025842"]
[BlackFideId "5011132"]
[EventDate "2012.01.04"]

1. e4 c5 2. Nc3 d6 3. g3 Nc6 4. Bg2 g6 5. d3 Bg7 6. Nge2 e6 7. O-O Nge7 8. Bg5
O-O 9. Qd2 Rb8 10. Bh6 b5 11. Bxg7 Kxg7 12. Nd1 Qa5 13. Qxa5 Nxa5 14. Ne3 Nac6
15. Rfd1 Nd4 16. Kf1 f5 17. exf5 Nexf5 18. Nxf5+ Rxf5 19. Nxd4 cxd4 20. c3 dxc3
21. bxc3 Rc5 22. Rdc1 Bd7 23. Ke2 Rbc8 24. Kd2 g5 25. Rab1 Rf8 26. Rf1 a5 27. a3
h5 28. f4 Rcf5 29. Bh3 g4 30. Bg2 h4 31. Ke3 Rc5 32. Rbc1 Rfc8 33. Kd2 Rh5 34.
Ke3 hxg3 35. hxg3 Rh2 36. Rf2 b4 37. axb4 axb4 38. c4 b3 39. d4 Rb8 40. Rb1 b2
41. Rbxb2 Rxb2 42. Rxb2 Bc6 43. Rb6 Bxg2 44. Rb2 Kf6 45. c5 Ke7 46. c6 Kd8 47.
d5 exd5 48. Rc2 Kc7 49. Kd4 Rh1 1/2-1/2

[Event "4th Chennai Open"]
[Site "Chennai IND"]
[Date "2012.01.06"]
[Round "5"]
[White "Joshi, G B"]
[Black "Dzhumaev, Marat"]
[Result "1/2-1/2"]
[BlackTitle "GM"]
[WhiteElo "2256"]
[BlackElo "2481"]
[WhiteFideId "5000262"]
[BlackFideId "14200236"]
[EventDate "2012.01.04"]

1. e4 Nf6 2. e5 Nd5 3. d4 d6 4. Nf3 g6 5. Bc4 Nb6 6. Bb3 Bg7 7. O-O d5 8. Re1
O-O 9. Nbd2 a5 10. a3 Na6 11. Nf1 c5 12. c3 Be6 13. Ne3 Qd7 14. Ng5 Rac8 15. h4
cxd4 16. Nxe6 Qxe6 17. cxd4 Nc4 18. Qf3 Rfd8 19. h5 Nc7 20. hxg6 fxg6 21. Rd1
Qa6 22. Bc2 a4 23. Bd3 b5 24. Nc2 Qb6 25. Rb1 Rf8 26. Qe2 Ne6 27. b3 axb3 28.
Rxb3 1/2-1/2

[Event "4th Chennai Open"]
[Site "Chennai IND"]
[Date "2012.01.06"]
[Round "5"]
[White "Ma, Qun"]
[Black "Navalgund, Niranjan"]
[Result "1-0"]
[WhiteElo "2475"]
[BlackElo "2209"]
[WhiteFideId "8603154"]
[BlackFideId "5030854"]
[EventDate "2012.01.04"]

1. e4 c6 2. d4 d5 3. Nd2 dxe4 4. Nxe4 Bf5 5. Ng3 Bg6 6. h4 h6 7. Nf3 Nd7 8. h5
Bh7 9. Bd3 Bxd3 10. Qxd3 e6 11. Bd2 Ngf6 12. O-O-O Be7 13. Qe2 c5 14. Rhe1 O-O
15. Nf5 exf5 16. Qxe7 Ne4 17. Qxd8 Raxd8 18. Be3 cxd4 19. Bxd4 Ndf6 20. Nh4 Nxh5
21. Nxf5 Rfe8 22. f3 Nd6 23. Rxe8+ Nxe8 24. Bxa7 Ra8 25. Be3 Nhf6 26. a3 Kh7 27.
Nd6 Nxd6 28. Rxd6 Ra5 29. Bd4 Kg6 30. Kd2 h5 31. Ke3 Rg5 32. Kf2 Rd5 33. Rxd5
Nxd5 34. c4 Nf4 35. b4 Ne6 36. Bc3 Kf5 37. a4 g5 38. a5 Nf8 39. b5 Nd7 40. Bd4
Nb8 41. Ba7 Nd7 42. a6 bxa6 43. bxa6 Ne5 44. Bd4 1-0

[Event "4th Chennai Open"]
[Site "Chennai IND"]
[Date "2012.01.06"]
[Round "5"]
[White "Anilkumar, O.T."]
[Black "Barua, Dibyendu"]
[Result "0-1"]
[BlackTitle "GM"]
[WhiteElo "2232"]
[BlackElo "2460"]
[WhiteFideId "5017530"]
[BlackFideId "5000025"]
[EventDate "2012.01.04"]

1. e4 e6 2. d4 d5 3. Nc3 Nf6 4. Bg5 dxe4 5. Nxe4 Be7 6. Bxf6 gxf6 7. c3 a6 8. g3
Bd7 9. d5 exd5 10. Qxd5 Bc6 11. Qxd8+ Bxd8 12. f3 Nd7 13. Be2 f5 14. Nd2 h5 15.
Nh3 h4 16. Kf2 Ne5 17. Nb3 a5 18. Rae1 Kf8 19. Nd4 Bd7 20. Bf1 Bf6 21. Rg1 c5
22. Nb3 b6 23. Nf4 Bc6 24. Re3 Rd8 25. Be2 a4 26. Nc1 Rd2 27. b3 hxg3+ 28. hxg3
a3 29. Re1 Rc2 30. Kg1 Ng4 31. fxg4 Rh1+ 32. Kf2 Rxe1 33. Kxe1 Rxc1+ 34. Kd2 Ra1
35. Kc2 Be4+ 36. Bd3 Rxa2+ 37. Kb1 Rb2+ 38. Ka1 0-1

[Event "4th Chennai Open"]
[Site "Chennai IND"]
[Date "2012.01.07"]
[Round "6"]
[White "Oleksienko, Mikhailo"]
[Black "Neelotpal, Das"]
[Result "1-0"]
[WhiteTitle "GM"]
[BlackTitle "GM"]
[WhiteElo "2563"]
[BlackElo "2471"]
[WhiteFideId "4152417"]
[BlackFideId "5003512"]
[EventDate "2012.01.04"]

1. e4 e6 2. d4 d5 3. Nd2 c5 4. exd5 Qxd5 5. dxc5 Bxc5 6. Ngf3 Nf6 7. Bc4 Qc6 8.
Qe2 Nbd7 9. Nb3 O-O 10. Nxc5 Qxc5 11. O-O b6 12. Be3 Qc7 13. Bd4 Bb7 14. Ne5 Nc5
15. Rad1 Rad8 16. Rfe1 Bd5 17. Ng4 Ne8 18. Bb5 f5 19. Ne3 Bb7 20. Bxc5 bxc5 21.
Rxd8 Qxd8 22. Nxf5 exf5 23. Qe6+ Kh8 24. Qxe8 Be4 25. Qxd8 Rxd8 26. c3 Rd2 27.
f3 Rxb2 28. Bd3 Bc6 29. Re6 Ba4 30. Ra6 Rxa2 31. Bc4 Ra3 32. h4 g6 33. Rxa7 1-0

[Event "4th Chennai Open"]
[Site "Chennai IND"]
[Date "2012.01.07"]
[Round "6"]
[White "Himanshu, Sharma"]
[Black "Rahman, Ziaur"]
[Result "1/2-1/2"]
[WhiteTitle "IM"]
[BlackTitle "GM"]
[WhiteElo "2408"]
[BlackElo "2523"]
[WhiteFideId "5007836"]
[BlackFideId "10200037"]
[EventDate "2012.01.04"]

1. e4 g6 2. g3 Bg7 3. Bg2 d6 4. d3 c5 5. f4 Nc6 6. Nf3 e6 7. O-O Nge7 8. c3 O-O
9. Be3 b6 10. Nbd2 Ba6 11. Qc2 d5 12. c4 Nb4 13. Qb3 Nec6 14. e5 d4 15. Bf2 Na5
16. Qa3 Nc2 17. Qa4 Nxa1 18. Rxa1 Rb8 19. Qc2 Bb7 20. Re1 Qd7 21. a3 b5 22. b4
bxc4 23. bxa5 c3 24. Nb1 Bd5 25. Nxc3 dxc3 26. Qxc3 Rfc8 27. Nd2 Bxg2 28. Kxg2
Qd5+ 29. Kg1 a6 30. Rc1 Rd8 31. Ne4 Rb3 32. Qxc5 Qxd3 33. Qc7 Rb2 34. Nd6 Rf8
35. Qa7 h5 36. Qd4 Qxd4 37. Bxd4 Rd2 38. Bc3 Re2 39. Bb4 f6 40. Nb7 Re8 41. exf6
Bxf6 42. Rc6 Bd4+ 43. Kf1 Rxh2 44. Nd6 Rd8 45. Rxa6 g5 46. Rc6 h4 47. gxh4 gxf4
48. Rc4 e5 49. Nf5 Ba7 50. Bd6 Bb8 51. Rc8 Rxc8 52. Ne7+ Kf7 53. Nxc8 Rc2 54.
Bxb8 Rxc8 55. Bxe5 Ke6 56. Bd4 Kd5 57. Bb6 Rc6 58. Kg2 Ke4 59. a4 Rh6 60. Kh3
Kf3 61. Bc5 Rg6 62. Bb6 Rh6 63. Bc5 Rc6 64. Bb6 Rc1 65. Kh2 Rc4 66. a6 Rxa4 67.
a7 Kg4 68. Bf2 Ra2 69. Kg2 f3+ 70. Kg1 Kh3 71. Bb6 Kxh4 72. Kf1 Kg4 73. Bc5 Kf4
74. Bb6 Ke4 75. Bc5 Kf4 76. Bb6 Kg4 77. Bc5 Ra6 78. Kf2 Kf4 79. Be3+ Ke4 80. Bb6
Ra2+ 81. Kf1 Kd5 82. Be3 Kc6 83. Bd4 Kb7 84. Be3 Re2 85. Bc5 Ra2 86. Be3 Kc7 87.
Bc5 Kc6 88. Be3 Kd5 89. Bb6 Ke4 90. Bc5 f2 91. Kg2 Rxa7 1/2-1/2